| 000 | 00986cab a2200229 4500 | ||
|---|---|---|---|
| 001 | ABS41476 | ||
| 008 | 090401t1989 xxu||||| |||| 00| 0 eng d | ||
| 035 | _a(Sirsi) u30440 | ||
| 041 | _aeng | ||
| 100 | _aMathur, K.S. | ||
| 245 | _aRisk analysis in capital cost estimating | ||
| 260 | _c1989 | ||
| 350 | _a0 | ||
| 490 |
_aCost Engineering _v31(8) August 1989, 9-16(8) |
||
| 520 | _aPresents in detail a cost control computer model designed to help the decision-maker in the building industry predict costs for construction projects. The model takes into account the risk and uncertainties involved in construction and though its application is limited to institutional buildings like schools, the general principles apply to any type of structure. Illustrates with a case study and calculations. References. | ||
| 650 | _aESTIMATING | ||
| 650 | _aMONTE CARLO METHOD | ||
| 650 | _aRISK ANALYSIS | ||
| 690 |
_aQuantity surveying _96263 |
||
| 942 | _n0 | ||
| 948 | _c04/03/1997 | ||
| 999 |
_c20519 _d20519 |
||